000 00627nam a2200229Ia 4500
005 20250108125022.0
008 008 250107s9999 xx 000 0 eng d
020 _a81-85706-78-1
037 _aTB
040 _aCRL
_beng
_cCRL
041 _aeng
_2eng
084 _az2xN7 N7
084 _qCRL
100 _aJalan Bimal Au.
_9610712
245 0 _aEmerging India: economics, politics and reforms
_cJalan Bimal Au.
260 _aNew Delhi, India
_bPenguin Viking
_c3029
300 _axxviii,307p.
365 _aINR
_b450
650 _aINDIA - HISTORY
942 _cTB
_hz2xN7 N7
999 _c1235417
_d1235417